Plants that belong to knotweed family (Polygonaceae) - sudden death - Statistics

General Stats
  • This quiz has been taken 28 times
  • The average score is 3 of 11
Answers on the Grid
Answers color-coded by a green-red scale on the quiz's grid according to % correct below.
Rhubarb
Spinach
Lettuce
Pink knotweed
Pearl millet
Wheat
Buckwheat
White mustard
Japanese knotweed
Carnation
Common knotgrass
Garden cosmos
Maidenhair
Coral vine (Antigonon)
Cabbage
Common cornsalad
Sorrel
White goosefoot
Arugula
Collard
Parsnip
Prickly saltwort
Wild buckwheat (Eriogonum)
True sedge
Sea grape
Water lily
Alligator weed
Water knotweed
 
Answer Stats
Answer % Correct
Japanese knotweed
78%
Pink knotweed
67%
Rhubarb
56%
Common knotgrass
33%
Buckwheat
22%
Water knotweed
22%
Wild buckwheat (Eriogonum)
22%
Maidenhair
11%
Sea grape
11%
Sorrel
11%
Coral vine (Antigonon)
0%
No matching quizzes found
Score Distribution
Percent of People with Each Score
Percentile by Number Answered
Your Score History
You have not taken this quiz